[Event "Montcalm op"]
[Site "Quebec CAN"]
[Date "2003.01.10"]
[Round "1"]
[White "Girard, Robin"]
[Black "Lowinger, Daniel"]
[Result "1-0"]
[WhiteElo "2249"]
[BlackElo "1957"]
[PlyCount "65"]
[EventDate "2003.01.10"]
[EventType "swiss"]
[EventRounds "5"]
[EventCountry "CAN"]

1. e4 c6 2. c4 d6 3. d4 Nf6 4. Nc3 Nbd7 5. Nf3 e5 6. Be2 Be7 7. O-O O-O 8. Re1
Re8 9. Bf1 Bf8 10. h3 exd4 11. Nxd4 Nc5 12. f3 g6 13. Be3 Bg7 14. Qd2 Nh5 15.
Rad1 f5 16. exf5 gxf5 17. Nxc6 Qc7 18. Nd4 Bxd4 19. Bxd4 Ne6 20. Qh6 Nhf4 21.
Qf6 Qg7 22. Qxf5 Rf8 23. Bxg7 Rxf5 24. Bh6 Bd7 25. Rxd6 Rf7 26. c5 Nf8 27. Bc4
Be6 28. Bxe6 N8xe6 29. Rdxe6 Nxe6 30. Rxe6 Rd7 31. Ne4 Rd1+ 32. Kh2 Rb1 33. Re7
1-0

[Event "Montcalm op"]
[Site "Quebec CAN"]
[Date "2003.01.11"]
[Round "2"]
[White "Pageau, Roger"]
[Black "Girard, Robin"]
[Result "0-1"]
[WhiteElo "2054"]
[BlackElo "2249"]
[PlyCount "84"]
[EventDate "2003.01.10"]
[EventType "swiss"]
[EventRounds "5"]
[EventCountry "CAN"]

1. d4 c5 2. c3 d5 3. Bf4 Nc6 4. e3 Nf6 5. Nd2 g6 6. Be2 Bg7 7. h3 O-O 8. g4 Nd7
9. Ngf3 e5 10. dxe5 Ndxe5 11. Nxe5 Nxe5 12. Nf3 Nc6 13. O-O Be6 14. Kg2 Qb6 15.
Qc2 Rac8 16. Ng5 d4 17. Nxe6 fxe6 18. a3 Na5 19. Rad1 e5 20. Bg3 c4 21. cxd4
exd4 22. exd4 Bxd4 23. Rb1 Qc6+ 24. f3 Nb3 25. Be1 b5 26. Bc3 Rce8 27. Rbe1 Qf6
28. Bb4 Bc5 29. Bc3 Qf4 30. Bb4 Bxb4 31. axb4 Nd4 32. Bxc4+ bxc4 33. Qxc4+ Kg7
34. Rxe8 Rxe8 35. Rf2 Re1 36. Qc3 Re3 37. Qd2 Nxf3 38. Qd7+ Kh6 39. g5+ Qxg5+
40. Qg4 Qxg4+ 41. hxg4 Ne5 42. Rc2 Rb3 0-1

[Event "Montcalm op"]
[Site "Quebec CAN"]
[Date "2003.01.11"]
[Round "3"]
[White "Girard, Robin"]
[Black "Fortier, Marc-Andre"]
[Result "0-1"]
[WhiteElo "2248"]
[BlackElo "2265"]
[PlyCount "60"]
[EventDate "2003.01.10"]
[EventType "swiss"]
[EventRounds "5"]
[EventCountry "CAN"]

1. e4 c5 2. Nf3 d6 3. d4 cxd4 4. Nxd4 Nf6 5. Nc3 g6 6. Be2 Bg7 7. O-O O-O 8.
Be3 Nc6 9. Nb3 a5 10. a4 Ne5 11. f4 Neg4 12. Bd4 e5 13. fxe5 Nxe5 14. Nd5 Nxd5
15. exd5 b6 16. c4 Ba6 17. Nd2 Re8 18. Ra3 Qc7 19. Rb3 Nxc4 20. Bxg7 Qc5+ 21.
Kh1 Nxd2 22. Qxd2 Rxe2 23. Qg5 Rxg2 24. Kxg2 Bxf1+ 25. Kxf1 Qc4+ 26. Kg1 Qxb3
27. Bc3 Qd1+ 28. Kf2 Re8 29. Qf6 Re2+ 30. Kg3 Qg1+ 0-1

[Event "Montcalm op"]
[Site "Quebec CAN"]
[Date "2003.01.12"]
[Round "4"]
[White "Audet-Bouchard, Nicolas"]
[Black "Girard, Robin"]
[Result "1/2-1/2"]
[WhiteElo "2038"]
[BlackElo "2249"]
[PlyCount "62"]
[EventDate "2003.01.10"]
[EventType "swiss"]
[EventRounds "5"]
[EventCountry "CAN"]

1. e4 c5 2. Nf3 d6 3. d4 cxd4 4. Nxd4 Nf6 5. Nc3 a6 6. Bd3 e5 7. Nde2 Be7 8.
O-O O-O 9. f4 d5 10. exd5 Bc5+ 11. Kh1 Ng4 12. Qe1 exf4 13. Bxf4 Ne3 14. Qg3
Nxf1 15. Rxf1 Nd7 16. Ne4 Qb6 17. d6 f5 18. Bc4+ Kh8 19. Ng5 Nf6 20. Nf7+ Rxf7
21. Bxf7 Ne4 22. Qh3 Qd8 23. Be5 Qg5 24. Nf4 h6 25. Ng6+ Kh7 26. Nf8+ Kh8 27.
Bf4 Qf6 28. Ng6+ Kh7 29. Nf8+ Kh8 30. Ng6+ Kh7 31. Nf8+ Kh8 1/2-1/2

[Event "Le Thematique"]
[Site "Quebec CAN"]
[Date "2003.01.20"]
[Round "3"]
[White "Girard, Robin"]
[Black "Lessard, Claude"]
[Result "1-0"]
[WhiteElo "2238"]
[BlackElo "1992"]
[PlyCount "63"]
[EventDate "2003.??.??"]
[EventCountry "CAN"]

1. e4 e5 2. Nf3 Nc6 3. Bb5 Nge7 4. O-O g6 5. c3 Bg7 6. d4 exd4 7. cxd4 d5 8.
exd5 Nxd5 9. Re1+ Be6 10. Bxc6+ bxc6 11. Ng5 O-O 12. Nxe6 fxe6 13. Nc3 Qf6 14.
Ne4 Qxd4 15. Qg4 Rae8 16. Rb1 Nb4 17. Be3 Qe5 18. Nc5 Nc2 19. Nd7 Nxe3 20. Qh3
Qf5 21. Nxf8 Ng4 22. Nxh7 Bd4 23. Rf1 Re7 24. Qh4 Rxh7 25. Qd8+ Kf7 26. Qxc7+
Kg8 27. Qd8+ Kf7 28. Qxd4 Nxh2 29. Qxa7+ Kg8 30. Qb8+ Kg7 31. Rfd1 Nf3+ 32.
gxf3 1-0

[Event "Le Thematique"]
[Site "Quebec CAN"]
[Date "2003.01.27"]
[Round "4"]
[White "Plante, Rejean"]
[Black "Girard, Robin"]
[Result "1/2-1/2"]
[WhiteElo "2142"]
[BlackElo "2238"]
[PlyCount "79"]
[EventDate "2003.??.??"]
[EventCountry "CAN"]

1. d4 d5 2. c4 e6 3. Nf3 c5 4. e3 Nf6 5. Nc3 Nc6 6. a3 Ne4 7. cxd5 exd5 8. Nxe4
dxe4 9. Nd2 f5 10. dxc5 Bxc5 11. b4 Be7 12. Qb3 Bf6 13. Rb1 a5 14. bxa5 Rxa5
15. Bb5 Qe7 16. Nc4 Ra7 17. Nb6 Be6 18. Nd5 Qd6 19. Nxf6+ gxf6 20. Qc3 O-O 21.
Bxc6 bxc6 22. O-O Rg7 23. g3 h5 24. a4 Rff7 25. Ba3 Qc7 26. Rfd1 Bd5 27. Qb4
Kh7 28. Qb6 Qd7 29. Qb8 h4 30. Qd6 hxg3 31. hxg3 Qa7 32. Kg2 Kg6 33. Rh1 Rh7
34. Rxh7 Rxh7 35. Bb2 Qf7 36. Rc1 Rh6 37. a5 Kg7 38. Rh1 Rxh1 39. Kxh1 Qh5+ 40.
Kg1 1/2-1/2

[Event "Le Thematique"]
[Site "Quebec CAN"]
[Date "2003.02.03"]
[Round "5"]
[White "Girard, Robin"]
[Black "Cote, Jocelyn"]
[Result "1-0"]
[WhiteElo "2238"]
[BlackElo "1836"]
[PlyCount "81"]
[EventDate "2003.??.??"]
[EventCountry "CAN"]

1. e4 e6 2. d3 c5 3. Nf3 Nc6 4. g3 g6 5. Bg2 d6 6. O-O Bg7 7. c3 e5 8. Be3 Nge7
9. h3 b5 10. d4 exd4 11. cxd4 c4 12. a4 b4 13. d5 Na5 14. Bd4 O-O 15. Bxg7 Kxg7
16. Nd4 Qb6 17. Kh2 Rb8 18. f4 f5 19. e5 dxe5 20. fxe5 Nxd5 21. Bxd5 Rd8 22.
Rf4 Kh8 23. Qf3 g5 24. Nxf5 gxf4 25. Nd6 Rxd6 26. exd6 Qxd6 27. Nd2 fxg3+ 28.
Kh1 Bxh3 29. Qe4 Qf6 30. Nf3 Qxb2 31. Rg1 Qf6 32. Rxg3 Bf5 33. Qf4 Rd8 34. Ne5
Be4+ 35. Qxe4 Qh6+ 36. Kg2 Qd2+ 37. Kh3 Qh6+ 38. Qh4 Qxh4+ 39. Kxh4 h6 40. Nf7+
Kh7 41. Be4# 1-0

[Event "Pere Noel"]
[Site "Montreal CAN"]
[Date "1996.12.26"]
[Round "1"]
[White "Girard, Robin"]
[Black "Charest, Johanne"]
[Result "1-0"]
[WhiteElo "2317"]
[BlackElo "1875"]
[PlyCount "108"]
[EventDate "1996.12.26"]
[EventType "swiss"]
[EventRounds "5"]
[EventCountry "CAN"]

1. e4 e5 2. Nf3 Nc6 3. Bb5 Bc5 4. c3 Nf6 5. d4 Bb6 6. O-O O-O 7. Bg5 d6 8. Bxc6
bxc6 9. Nbd2 Re8 10. Re1 h6 11. Bh4 Bg4 12. h3 Bxf3 13. Nxf3 Qe7 14. Qa4 exd4
15. e5 dxe5 16. cxd4 e4 17. Ne5 c5 18. Ng4 cxd4 19. Bxf6 gxf6 20. Rxe4 Qxe4 21.
Nxf6+ Kg7 22. Nxe4 Rxe4 23. Rd1 Rae8 24. Rd3 c5 25. Qd7 R8e7 26. Rg3+ Kf8 27.
Qc8+ Re8 28. Qc6 R8e6 29. Qc8+ Re8 30. Qd7 R8e7 31. Qd6 Re1+ 32. Kh2 R1e6 33.
Qb8+ Re8 34. Qb7 R8e7 35. Qa8+ Re8 36. Qd5 Rd8 37. Qf5 Bc7 38. f4 Bd6 39. b3
Rde8 40. Rf3 Re4 41. Qf6 R4e6 42. Qf5 Re4 43. h4 R8e6 44. Kh3 Re3 45. Qd5 Be7
46. f5 Rd6 47. Qxc5 Rxf3+ 48. gxf3 d3 49. Qc3 Kg8 50. Qd2 Rd7 51. b4 Kh7 52. f6
Bxf6 53. Qf4 Kh8 54. Qxf6+ Kg8 1-0

[Event "Pere Noel"]
[Site "Montreal CAN"]
[Date "1996.12.29"]
[Round "4"]
[White "Girard, Robin"]
[Black "Leutschaft, Martin"]
[Result "0-1"]
[WhiteElo "2317"]
[BlackElo "2016"]
[PlyCount "90"]
[EventDate "1996.12.26"]
[EventType "swiss"]
[EventRounds "5"]
[EventCountry "CAN"]

1. e4 e5 2. Nf3 d6 3. d4 Nf6 4. Nc3 Nbd7 5. Bc4 Be7 6. O-O O-O 7. Re1 c6 8. a4
Qc7 9. Bg5 Re8 10. Qb1 Nf8 11. Qa2 Bd8 12. h3 Be6 13. d5 Bc8 14. dxc6 bxc6 15.
Rad1 Be6 16. Rd2 h6 17. Be3 a5 18. Red1 Be7 19. Rd3 Rab8 20. Nd2 Rb4 21. Bxe6
fxe6 22. f4 d5 23. fxe5 Qxe5 24. exd5 exd5 25. Bf2 Bd6 26. Nf3 Qh5 27. Nd4 Rc4
28. Rf1 Ng6 29. b3 Rxc3 30. Rxc3 Qe5 31. Rg3 Nf4 32. Re1 Qxe1+ 33. Bxe1 Rxe1+
34. Kf2 Rd1 35. Rxg7+ Kf8 36. Nf5 Bc5+ 37. Kg3 N4h5+ 38. Kf3 Nxg7 39. Ke2 Ne4
40. Qb2 Rd2+ 41. Ke1 Nxf5 42. Qh8+ Kf7 43. Qh7+ Ng7 44. g4 Ng5 45. Qxh6 Nf3+
0-1

[Event "Quebec-ch classe"]
[Site "Montreal CAN"]
[Date "1996.??.??"]
[Round "1"]
[White "Cormos, Eugene"]
[Black "Girard, Robin"]
[Result "0-1"]
[WhiteElo "1995"]
[BlackElo "2280"]
[PlyCount "114"]
[EventDate "1996.10.11"]
[EventType "swiss"]
[EventRounds "5"]
[EventCountry "CAN"]

1. e4 c5 2. c3 e6 3. d4 d5 4. exd5 exd5 5. Nf3 Bd6 6. Be3 c4 7. b3 cxb3 8. axb3
Ne7 9. Bd3 Nbc6 10. O-O O-O 11. c4 Nb4 12. c5 Bc7 13. Nc3 Nxd3 14. Qxd3 a5 15.
Rfe1 Bf5 16. Qd2 Ng6 17. Nb5 Bg4 18. Nxc7 Qxc7 19. Ne5 Nxe5 20. dxe5 Ra6 21. h3
Bf5 22. Qxd5 Rg6 23. Kh2 Bd7 24. Qd4 Bc6 25. g3 Rd8 26. Qc3 Qd7 27. Qc4 h5 28.
Ra2 Qf5 29. Qf4 Qe6 30. Qc4 Qxe5 31. Rd2 Re8 32. Red1 Bf3 33. Bf4 Qf5 34. Rd8
Rge6 35. Rxe8+ Rxe8 36. Qd3 Be4 37. Qd7 Qxd7 38. Rxd7 Bc6 39. Rd1 Re2 40. Kg1
Rc2 41. Rc1 Ra2 42. Be5 Ra3 43. Bc3 h4 44. Rb1 hxg3 45. fxg3 a4 46. Rb2 Bd5 47.
Bb4 Ra1+ 48. Kf2 Bxb3 49. Bc3 Rh1 50. h4 Bd5 51. Rd2 Bc6 52. Ke3 f6 53. Kd4 Rg1
54. Rd3 a3 55. Rd2 Rxg3 56. Ra2 Rg4+ 57. Kd3 Ra4 0-1

[Event "Quebec-ch classe"]
[Site "Montreal CAN"]
[Date "1996.??.??"]
[Round "2"]
[White "Girard, Robin"]
[Black "Gardner, Robert"]
[Result "1-0"]
[WhiteElo "2280"]
[BlackElo "2080"]
[PlyCount "71"]
[EventDate "1996.10.11"]
[EventType "swiss"]
[EventRounds "5"]
[EventCountry "CAN"]

1. e4 c5 2. Nf3 d6 3. d4 cxd4 4. Nxd4 Nf6 5. Nc3 a6 6. a4 Nc6 7. Be2 e5 8. Nb3
Be7 9. O-O O-O 10. f4 b6 11. Be3 Bb7 12. Nd5 Nxd5 13. exd5 Nb4 14. Bf3 exf4 15.
Bf2 a5 16. c3 Na6 17. Nd4 Bh4 18. Nc6 Bxf2+ 19. Rxf2 Bxc6 20. dxc6 Qc7 21. Qd4
Nc5 22. Rd1 Rad8 23. Qxf4 f5 24. Bd5+ Kh8 25. Re2 Rde8 26. Rxe8 Rxe8 27. Qxf5
Nxa4 28. Rf1 Qe7 29. c7 g6 30. Qf6+ Qxf6 31. Rxf6 Rc8 32. Rf7 Nc5 33. Re7 a4
34. Bc6 Na6 35. Bb7 Rxc7 36. Re8+ 1-0

[Event "Quebec-ch classe"]
[Site "Montreal CAN"]
[Date "1996.??.??"]
[Round "3"]
[White "Linskiy, Oleg"]
[Black "Girard, Robin"]
[Result "1-0"]
[WhiteElo "2335"]
[BlackElo "2280"]
[PlyCount "81"]
[EventDate "1996.10.11"]
[EventType "swiss"]
[EventRounds "5"]
[EventCountry "CAN"]

1. d4 Nf6 2. Nf3 g6 3. b3 Bg7 4. Bb2 O-O 5. g3 d6 6. Bg2 e5 7. dxe5 Ng4 8. O-O
Nc6 9. c4 Ngxe5 10. Nxe5 Nxe5 11. Nc3 Nc6 12. Qd2 Be6 13. Rfd1 a5 14. Rac1 Qb8
15. Nd5 Bxb2 16. Qxb2 Bxd5 17. cxd5 Nb4 18. Qd2 Re8 19. Rc4 Re7 20. Bf3 b5 21.
Rd4 Qb6 22. h4 Na6 23. h5 Nc5 24. Kg2 Qb8 25. Rh1 b4 26. hxg6 fxg6 27. Rf4 Qe8
28. Qd4 a4 29. bxa4 Rxa4 30. Qb2 Ne4 31. Rhh4 Nc5 32. Rxb4 Ra8 33. a3 Qf8 34.
Rhf4 Qe8 35. Rb5 Qc8 36. Rxc5 dxc5 37. d6 Re6 38. d7 Qd8 39. Bd5 Raa6 40. Qf6
Qxf6 41. Rxf6 1-0

[Event "Quebec-ch classe"]
[Site "Montreal CAN"]
[Date "1996.??.??"]
[Round "4"]
[White "Girard, Robin"]
[Black "Fillion, Steve"]
[Result "1-0"]
[WhiteElo "2280"]
[BlackElo "2145"]
[PlyCount "131"]
[EventDate "1996.10.11"]
[EventType "swiss"]
[EventRounds "5"]
[EventCountry "CAN"]

1. e4 e6 2. d4 d5 3. Nc3 Bb4 4. e5 c5 5. a3 Bxc3+ 6. bxc3 Ne7 7. a4 Nbc6 8. Nf3
Qa5 9. Bd2 Bd7 10. Bd3 c4 11. Bf1 f6 12. exf6 gxf6 13. g3 O-O-O 14. Bg2 e5 15.
dxe5 fxe5 16. O-O Bg4 17. h3 Bh5 18. g4 Bg6 19. Re1 Be4 20. Rxe4 dxe4 21. Ng5
Qd5 22. Nxe4 h5 23. Qe2 hxg4 24. hxg4 Rhg8 25. Be3 Qe6 26. g5 Kb8 27. Rb1 Qg6
28. Qxc4 Nd5 29. Qb5 Rg7 30. Qe2 Nxe3 31. Qxe3 Rgd7 32. Bf3 Rf7 33. Kf1 Qf5 34.
Bg2 Ka8 35. Qe2 Qg6 36. Qb5 Qh5 37. Qe2 Qg6 38. Rd1 Rxd1+ 39. Qxd1 Qf5 40. Qh5
a6 41. Kg1 Ka7 42. Qe2 Qf4 43. Qd1 Rf8 44. Qb1 Rh8 45. Kf1 Qh4 46. Qe1 Qf4 47.
Qb1 Qh4 48. Qd1 Qf4 49. Qb1 Qh4 50. Qe1 Qf4 51. Qb1 Qh4 52. Qe1 Qg4 53. Qe3+
Ka8 54. Bf3 Qf4 55. Ke2 Qxe3+ 56. Kxe3 Ka7 57. Bg4 Rg8 58. Be6 Rg7 59. f4 exf4+
60. Kxf4 Ne7 61. Ke5 Rg6 62. Bf5 Rc6 63. Be6 Kb6 64. c4 Ka5 65. Nf6 Kxa4 66.
Bd7 1-0

[Event "Quebec op"]
[Site "Montreal CAN"]
[Date "1996.07.29"]
[Round "4"]
[White "Zugic, Igor"]
[Black "Girard, Robin"]
[Result "1/2-1/2"]
[WhiteElo "2256"]
[BlackElo "2224"]
[PlyCount "126"]
[EventDate "1996.07.27"]
[EventType "swiss"]
[EventRounds "9"]
[EventCountry "CAN"]

1. d4 Nf6 2. c4 e6 3. Nf3 Bb4+ 4. Bd2 c5 5. Bxb4 cxb4 6. Nbd2 d6 7. g3 O-O 8.
Bg2 Nc6 9. O-O e5 10. d5 Nb8 11. e4 Bg4 12. h3 Bxf3 13. Qxf3 a5 14. Qe3 Na6 15.
f4 Nd7 16. Kh2 Rc8 17. b3 Nac5 18. f5 Nf6 19. g4 h6 20. Qg3 Nh7 21. h4 f6 22.
Qe3 Qb6 23. Kg3 Na4 24. Qd3 Nc5 25. Qe3 a4 26. Nf3 Nd7 27. Qxb6 Nxb6 28. Nd2
Ra8 29. Kf2 Rfc8 30. Rfc1 Nf8 31. Bf1 Nfd7 32. Ke1 Nc5 33. Kd1 Ra6 34. Kc2 Rca8
35. Kb2 Nbd7 36. Be2 R6a7 37. Rg1 b6 38. Rh1 Nb7 39. Bd3 Ndc5 40. Bc2 axb3 41.
axb3 Rxa1 42. Rxa1 Rxa1 43. Kxa1 Nd8 44. Nf3 Nf7 45. h5 Kf8 46. Kb2 Ke7 47. Kc1
Kd8 48. Kd2 Ng5 49. Nxg5 fxg5 50. Ke3 Nd7 51. Bd1 Kc7 52. Bc2 Nc5 53. Bd1 b5
54. cxb5 Kb6 55. Bc2 Kxb5 56. Bd1 Nb7 57. Bc2 Nc5 58. Bd1 Nd7 59. Bc2 Nf6 60.
Bd1 Ne8 61. Bc2 Kc5 62. Bd1 Nc7 63. Be2 Ne8 1/2-1/2

[Event "Quebec op"]
[Site "Montreal CAN"]
[Date "1996.07.30"]
[Round "5"]
[White "Girard, Robin"]
[Black "Hua, Lefong"]
[Result "1-0"]
[WhiteElo "2224"]
[BlackElo "2078"]
[PlyCount "79"]
[EventDate "1996.07.27"]
[EventType "swiss"]
[EventRounds "9"]
[EventCountry "CAN"]

1. e4 c5 2. Nf3 d6 3. d4 cxd4 4. Nxd4 Nf6 5. Nc3 g6 6. Be2 Bg7 7. Be3 Nc6 8.
Nb3 O-O 9. f4 Be6 10. g4 Qc8 11. f5 Bd7 12. h4 Ne5 13. g5 Nxe4 14. Nxe4 Bxf5
15. Nc3 Nc6 16. a3 Qe6 17. Qd2 Bxc2 18. Nd4 Nxd4 19. Bxd4 Be4 20. Bxg7 Bxh1 21.
Bxf8 Rxf8 22. O-O-O Be4 23. Qd4 Rc8 24. Bd3 Bxd3 25. Rxd3 Rc4 26. Qf2 Qg4 27.
Qxa7 Qxh4 28. Qe3 Rc5 29. Qxe7 Rxg5 30. Qxd6 Rg1+ 31. Kc2 Qf2+ 32. Kb3 Qe1 33.
Qd8+ Kg7 34. Qd4+ Kh6 35. Rh3+ Kg5 36. Ne4+ Kg4 37. Nf2+ Kg5 38. Qh4+ Kf5 39.
Rf3+ Ke6 40. Qf6+ 1-0

[Event "Quebec op"]
[Site "Montreal CAN"]
[Date "1996.07.31"]
[Round "6"]
[White "Levtchouk, George"]
[Black "Girard, Robin"]
[Result "1-0"]
[WhiteElo "2325"]
[BlackElo "2224"]
[PlyCount "61"]
[EventDate "1996.07.27"]
[EventType "swiss"]
[EventRounds "9"]
[EventCountry "CAN"]

1. d4 Nf6 2. c4 c5 3. d5 b5 4. cxb5 a6 5. Nc3 axb5 6. e4 b4 7. Nb5 d6 8. Bc4 g6
9. e5 dxe5 10. d6 Na6 11. Qb3 Be6 12. Bxe6 fxe6 13. Bg5 Kf7 14. dxe7 Bxe7 15.
Rd1 Nd5 16. Bxe7 Kxe7 17. Nf3 Qa5 18. O-O Qxb5 19. Rxd5 exd5 20. Qxd5 Nc7 21.
Qxe5+ Kd7 22. Rd1+ Kc8 23. Qxh8+ Kb7 24. Qg7 Rxa2 25. h4 Qb6 26. Ne5 b3 27. Nc4
Qc6 28. Rd6 Ra1+ 29. Kh2 Qe4 30. Rb6+ Ka8 31. Qf6 1-0

[Event "Quebec op"]
[Site "Montreal CAN"]
[Date "1996.08.03"]
[Round "9"]
[White "Girard, Robin"]
[Black "Mikanovic, Goran"]
[Result "0-1"]
[WhiteElo "2224"]
[BlackElo "2332"]
[PlyCount "56"]
[EventDate "1996.07.27"]
[EventType "swiss"]
[EventRounds "9"]
[EventCountry "CAN"]

1. e4 c5 2. Nf3 d6 3. d4 cxd4 4. Nxd4 Nf6 5. Nc3 a6 6. a4 e5 7. Nf3 Be7 8. Bc4
Be6 9. Bxe6 fxe6 10. O-O O-O 11. Ng5 Qd7 12. f4 Nc6 13. f5 exf5 14. Nd5 h6 15.
Nxf6+ Rxf6 16. Qd5+ Kh8 17. Nf7+ Kh7 18. Rxf5 Rxf5 19. exf5 Qxf5 20. Be3 Qxc2
21. Rf1 Rf8 22. b4 Qg6 23. b5 axb5 24. axb5 Nb4 25. Qxb7 Nc2 26. Qxe7 Nxe3 27.
Ng5+ Qxg5 28. Qxg5 Rxf1# 0-1

[Event "Quebec-ch"]
[Site "Montreal CAN"]
[Date "1996.??.??"]
[Round "1"]
[White "Ross, Dave"]
[Black "Girard, Robin"]
[Result "1-0"]
[WhiteElo "2355"]
[BlackElo "2262"]
[PlyCount "34"]
[EventDate "1996.06.03"]
[EventType "tourn"]
[EventRounds "9"]
[EventCountry "CAN"]
[EventCategory "3"]

1. e4 c5 2. Nf3 d6 3. c3 Nf6 4. Be2 g6 5. O-O Bg7 6. Re1 O-O 7. Bf1 Nc6 8. h3
e5 9. d3 h6 10. a3 d5 11. Nbd2 Re8 12. b4 cxb4 13. axb4 d4 14. Bb2 dxc3 15.
Bxc3 b5 16. Nb3 Qb6 17. Qc1 Bb7 1-0

[Event "Quebec-ch"]
[Site "Montreal CAN"]
[Date "1996.??.??"]
[Round "2"]
[White "Girard, Robin"]
[Black "Linskiy, Oleg"]
[Result "0-1"]
[WhiteElo "2262"]
[BlackElo "2315"]
[PlyCount "92"]
[EventDate "1996.06.03"]
[EventType "tourn"]
[EventRounds "9"]
[EventCountry "CAN"]
[EventCategory "3"]

1. e4 c5 2. Nf3 Nc6 3. d4 cxd4 4. Nxd4 Qb6 5. Nb3 Nf6 6. Nc3 e6 7. Qe2 Bb4 8.
Bd2 O-O 9. e5 Ne8 10. a3 Be7 11. Qe4 d5 12. exd6 Nxd6 13. Qf3 Ne5 14. Qg3 Bf6
15. O-O-O Nf5 16. Qh3 Ng6 17. Ne4 e5 18. Qh5 Be6 19. Nbc5 Be7 20. Nxe6 Qxe6 21.
Kb1 Nd4 22. Be3 Qc6 23. Bxd4 Qxe4 24. Bc3 Rac8 25. Bd3 Qxg2 26. Bxe5 Qxf2 27.
Qh3 Qb6 28. Bf5 Rcd8 29. Ka2 Bf6 30. Bxg6 hxg6 31. Bxf6 Qxf6 32. Qb3 Qb6 33.
Qxb6 axb6 34. Rhe1 Rxd1 35. Rxd1 f5 36. Rd3 f4 37. Rf3 g5 38. h3 Kf7 39. Kb3
Ke6 40. Kc4 Kf5 41. Kd3 Re8 42. Kd2 g4 43. hxg4+ Kxg4 44. Rf1 g5 45. c4 f3 46.
b4 Kf4 0-1

[Event "Quebec-ch"]
[Site "Montreal CAN"]
[Date "1996.??.??"]
[Round "4"]
[White "Girard, Robin"]
[Black "Leveille, Francois"]
[Result "1-0"]
[WhiteElo "2262"]
[BlackElo "2365"]
[PlyCount "95"]
[EventDate "1996.06.03"]
[EventType "tourn"]
[EventRounds "9"]
[EventCountry "CAN"]
[EventCategory "3"]

1. e4 e5 2. Nf3 Nc6 3. Bb5 a6 4. Bxc6 dxc6 5. O-O f6 6. d4 exd4 7. Nxd4 c5 8.
Nb3 Qxd1 9. Rxd1 Bg4 10. f3 Be6 11. Nc3 Bd6 12. Be3 b6 13. a4 Kf7 14. a5 c4 15.
Nd4 b5 16. Nxe6 Kxe6 17. Nd5 h5 18. Bf4 Rc8 19. Bxd6 cxd6 20. Rd2 Ne7 21. Nb4
Ra8 22. Rad1 Rhd8 23. f4 g6 24. c3 Rd7 25. Kf2 Raa7 26. Ke3 Rac7 27. Nxa6 Ra7
28. Rxd6+ Rxd6 29. Nc5+ Kf7 30. Rxd6 Rxa5 31. Rb6 f5 32. Ra6 Rxa6 33. Nxa6 Nc8
34. e5 Nb6 35. Kd4 Na4 36. Nc7 Nxb2 37. Nxb5 Ke6 38. Nc7+ Kd7 39. Nd5 Ke6 40.
Ne3 Nd3 41. g3 h4 42. Kxc4 hxg3 43. hxg3 Nc1 44. Nc2 Kd7 45. Nd4 Ke7 46. Kd5
Nd3 47. Nc6+ Ke8 48. Ke6 1-0

[Event "Quebec-ch"]
[Site "Montreal CAN"]
[Date "1996.??.??"]
[Round "5"]
[White "Moussa, Alaa Eddine"]
[Black "Girard, Robin"]
[Result "1-0"]
[WhiteElo "2205"]
[BlackElo "2262"]
[PlyCount "95"]
[EventDate "1996.06.03"]
[EventType "tourn"]
[EventRounds "9"]
[EventCountry "CAN"]
[EventCategory "3"]

1. d4 g6 2. c4 Bg7 3. Nc3 d6 4. e4 Nc6 5. d5 Nd4 6. Be3 c5 7. Nge2 Nxe2 8. Bxe2
Bxc3+ 9. bxc3 Qa5 10. Qc2 Nf6 11. O-O Bd7 12. a4 O-O-O 13. Rfb1 Kc7 14. Rb2 Rb8
15. Bd2 Ne8 16. f4 Kc8 17. Bf3 Nc7 18. Qb1 Na8 19. e5 Nb6 20. Rb5 Qa6 21. Be2
Na8 22. a5 Nc7 23. Qb2 Bf5 24. Ra3 h5 25. g3 g5 26. fxg5 dxe5 27. Rb6 axb6 28.
axb6 Qxa3 29. Qxa3 Na6 30. Be3 Kd7 31. Bxc5 Nxc5 32. Qxc5 Rbc8 33. Qb4 Be4 34.
h4 Ra8 35. Qb5+ Kd8 36. Qc5 Ke8 37. Qe3 Bg6 38. Qxe5 Rg8 39. Qc7 Kf8 40. Qxb7
Ra2 41. Qb8+ Kg7 42. Qe5+ Kh7 43. c5 Rb2 44. Qxe7 Ra8 45. b7 Ra1+ 46. Kf2 Rh1
47. c6 Rhb1 48. d6 1-0

[Event "Quebec-ch"]
[Site "Montreal CAN"]
[Date "1996.??.??"]
[Round "8"]
[White "Filion, Charles"]
[Black "Girard, Robin"]
[Result "0-1"]
[WhiteElo "2097"]
[BlackElo "2262"]
[PlyCount "76"]
[EventDate "1996.06.03"]
[EventType "tourn"]
[EventRounds "9"]
[EventCountry "CAN"]
[EventCategory "3"]

1. e4 c5 2. Nf3 d6 3. d4 cxd4 4. Nxd4 Nf6 5. Nc3 a6 6. Be2 e5 7. Nb3 Be7 8. O-O
O-O 9. Qd3 Be6 10. Nd5 Bxd5 11. exd5 Nbd7 12. Be3 Re8 13. c4 Bf8 14. Rac1 g6
15. Rfd1 Rc8 16. Nd2 e4 17. Qa3 Qe7 18. b4 Qe5 19. Nb3 h5 20. Bd4 Qf5 21. Nd2
Bh6 22. Rc3 Ne5 23. Nf1 b5 24. Qxa6 Ra8 25. Qxb5 Reb8 26. Bb6 Rxa2 27. Ng3 Qc8
28. c5 h4 29. Bc4 Rb2 30. Ne2 dxc5 31. Qxc5 Nfd7 32. Qc7 Nxb6 33. Qxe5 Bg7 34.
Qe7 Bxc3 35. Nxc3 Qxc4 36. Nxe4 Nxd5 37. Qe5 R8xb4 38. Nd6 Rb1 0-1

[Event "Interclubs"]
[Site "Montreal CAN"]
[Date "1996.02.13"]
[Round "1"]
[White "Leriche, Felix"]
[Black "Girard, Robin"]
[Result "1/2-1/2"]
[WhiteElo "2042"]
[BlackElo "2255"]
[PlyCount "159"]
[EventDate "1996.03.01"]
[EventType "team"]
[EventRounds "5"]
[EventCountry "CAN"]

1. d4 d6 2. e4 Nf6 3. Nc3 c6 4. a4 e5 5. dxe5 dxe5 6. Qxd8+ Kxd8 7. Bc4 Bb4 8.
f3 Ke7 9. Bd2 a5 10. Nge2 Na6 11. Nc1 Nd7 12. Nd3 Bd6 13. Ne2 b6 14. Ng3 g6 15.
h4 h5 16. Ke2 Nc7 17. Nf1 Ne6 18. c3 Bb7 19. Ne3 Raf8 20. Nc2 f5 21. g3 Nf6 22.
Nf2 Bc5 23. Nd3 fxe4 24. Nxe5 exf3+ 25. Nxf3 Ne4 26. Be1 Bd6 27. Bxe6 Kxe6 28.
Ncd4+ Ke7 29. Rg1 c5 30. Nb5 Bb8 31. Nd2 Rf6 32. Nxe4 Bxe4 33. Bd2 Re6 34. Bg5+
Kd7 35. Rad1+ Kc6 36. Kd2 Rf8 37. Rgf1 Rxf1 38. Rxf1 Bxg3 39. Rf7 Bf5 40. c4
Bg4 41. b3 Re2+ 42. Kd3 Rb2 43. Rf6+ Kd7 44. Rxb6 Bf5+ 45. Ke3 Rxb3+ 46. Kd2
Be4 47. Ra6 Rb1 48. Ke3 Re1+ 49. Kd2 Rh1 50. Ke3 Re1+ 51. Kd2 Ra1 52. Ke3 Bc2
53. Rxa5 Rxa4 54. Rxa4 Bxa4 55. Nc3 Bc2 56. Ne4 Bxe4 57. Kxe4 Ke6 58. Be3 Bd6
59. Bg5 Be5 60. Be3 Bf6 61. Bxc5 Bxh4 62. Bg1 Bg3 63. Kf3 Bc7 64. Be3 Kf5 65.
Kg2 Bf4 66. Bf2 g5 67. c5 g4 68. Bh4 Ke6 69. Bf2 Kd5 70. Kf1 Be5 71. Kg2 Bb8
72. Bg1 Kc6 73. Bf2 Ba7 74. Kg3 Bxc5 75. Be1 Be7 76. Kf4 Kd5 77. Bg3 Bd6+ 78.
Kg5 Bxg3 79. Kxh5 Ke4 80. Kxg4 1/2-1/2

[Event "AEM VII"]
[Site "Sainte-Foy CAN"]
[Date "1996.05.05"]
[Round "5"]
[White "Girard, Robin"]
[Black "Tremblay, Sylvain"]
[Result "0-1"]
[WhiteElo "2271"]
[BlackElo "2140"]
[PlyCount "66"]
[EventDate "1996.??.??"]
[EventType "swiss"]
[EventRounds "5"]
[EventCountry "CAN"]

1. e4 e5 2. Nf3 Nc6 3. Bb5 a6 4. Ba4 Nf6 5. O-O Be7 6. Re1 b5 7. Bb3 O-O 8. a4
Bb7 9. d3 d6 10. Nc3 b4 11. Ne2 d5 12. exd5 Nxd5 13. Ng3 Nf4 14. Nxe5 Nxg2 15.
Nxf7 Rxf7 16. Bxf7+ Kxf7 17. Qf3+ Kg8 18. Qxg2 Rb8 19. Ne4 Nd4 20. f4 b3 21.
cxb3 Nxb3 22. Bd2 Nxa1 23. Bc3 Bc5+ 24. Kh1 Bd4 25. Rxa1 Bxc3 26. bxc3 Qxd3 27.
Re1 Re8 28. Nf6+ Kf7 29. Nxe8 Bxg2+ 30. Kxg2 Qd2+ 31. Kf1 Qxf4+ 32. Kg1 Qd2 33.
Kf1 Qxc3 0-1

[Event "Vers la Matrise"]
[Site "Montreal CAN"]
[Date "1996.??.??"]
[Round "1"]
[White "Girard, Robin"]
[Black "Moisan-Plante, Marc-Olivier"]
[Result "1-0"]
[WhiteElo "2300"]
[BlackElo "2160"]
[PlyCount "53"]
[EventDate "1996.??.??"]
[EventType "swiss"]
[EventRounds "6"]
[EventCountry "CAN"]

1. d4 d5 2. c4 c6 3. Nf3 e6 4. Nc3 Nf6 5. Bg5 dxc4 6. e4 b5 7. e5 h6 8. Bh4 g5
9. Nxg5 hxg5 10. Bxg5 Be7 11. exf6 Bxf6 12. Bxf6 Qxf6 13. g3 Na6 14. Bg2 Bb7
15. Ne4 Qe7 16. Qd2 O-O-O 17. O-O e5 18. Qg5 Qxg5 19. Nxg5 exd4 20. Nxf7 Nb4
21. Nxh8 Rxh8 22. h4 c5 23. a4 Nc2 24. Rac1 d3 25. axb5 a5 26. Rxc2 dxc2 27.
Rc1 1-0